Statistiche per Stagione di debutto in Serie A per squadra - Quiz n°2

Clicka qui per fare il quiz!

Statistiche generali

  • Questo quiz è stato fatto 4 volte
  • Il punteggio medio è 4 su 9

Statistiche sulle risposte

HintRisposta% Corretto
Monza2022-2023
100%
Milan1929-1930
75%
Pro Vercelli1929-1930
50%
Empoli1986-1987
50%
Bologna1929-1930
25%
Venezia1939-1940
25%
Catania1954-1955
25%
Mantova1961-1962
25%
Cremonese1929-1930
0%

Distribuzione punteggi

Percentile per numero di risposta

Percentuale di utenti per punteggio

I tuoi punteggi nel tempo

Non hai fatto questo quiz